000 00716nam a22002537a 4500
003 BD-DhJNU
005 20251118032403.0
008 251118b |||||||| |||| 00| 0 eng d
020 _a9781783619948
040 _aBD-DhJNU
_bENG
_cBD-DhJNU
_dBD-DhJNU
082 _223
_a759.4 ROE
100 _aRobinson, Michael
245 _aEdgar Degas :
_bmasterpieces of art /
_cMichael Robinson
260 _aLondon :
_bFlame Tree Publishing,
_c2016.
300 _a127p. :
_bill. ;
_c24 cm
490 _aMasterpieces of art
504 _a Includes indexes
650 _aBiographies
650 _aBiography
650 _aArtistes
650 _aFrance Biographies Artists
650 _aPainters
942 _2ddc
_cBK
_n0
999 _c2374
_d2374